It looks like you're offline.
Open Library logo
additional options menu

MARC Record from Scriblio

Record ID marc_records_scriblio_net/part28.dat:89963926:776
Source Scriblio
Download Link /show-records/marc_records_scriblio_net/part28.dat:89963926:776?format=raw

LEADER: 00776cam 2200253 a 4500
001 99510159
003 DLC
005 20010815141415.0
008 990517s1999 fr 000|0dfre
010 $a 99510159
020 $a2867446937
035 $a(FrPJT)JTL00030261
040 $aDLC$cDLC$dDLC
043 $ae-fr---$ae-ie---
050 00 $aPQ2603.E378$bZ474 1999
082 00 $a848/.91409$221
100 1 $aJuliet, Charles,$d1934-
245 10 $aRencontres avec Samuel Beckett /$cCharles Juliet.
260 $aParis :$bP.O.L.,$cc1999.
300 $a71 p. ;$c19 cm.
600 10 $aBeckett, Samuel,$d1906-$xInterviews.
650 0 $aIrish$zFrance$xHistory$y20th century.
650 0 $aAuthors, French$y20th century$xInterviews.
650 0 $aAuthors, Irish$y20th century$xInterviews.